000 00555nam a2200181 4500
001 140260
003 ES-MaACL
005 20230906200037.0
007 t|
008 070214q1921 ag r ||||1| spa d
100 1 _aSchumacher, Hermann.
_9104806
245 1 0 _aPosición de Alemania en la economía universal /
_cHermann Schumacher.
260 _aBuenos Aires :
_bUnión de Libreros Alemanes,
_c[1921?]
490 1 _aLo que es Alemania ;
_v6
830 0 _aLo que es Alemania ;
_v6
_9182612
852 _aES-MaACL
_j1605-F-7
999 _c140260
_d140260